| 000 | 00360nam a2200133Ia 4500 | ||
|---|---|---|---|
| 008 | 240624s9999 xx 000 0 und d | ||
| 041 | _aeng | ||
| 082 | _a200 FER | ||
| 100 | _aFERNER ADAM | ||
| 245 | _aTHINK DIFFERENTLY OPEN YOUR MIND PHILOSOPHY FOR MODERN LIF | ||
| 260 |
_c2018 _aLondon _bWHITE LION PUBLISHING |
||
| 300 | _a157 p.; 23 cm. | ||
| 365 |
_c _b33 |
||
| 999 |
_c32436 _d32436 |
||